The Encheiridion of Epictetus and its three Christian adaptations /

Bibliographic Details
Main Author: Epictetus
Other Authors: Boter, Gerard
Format: Book
Language:English
Greek, Ancient (to 1453)
Published: Leiden ; Boston : Brill, 1999.
Series:Philosophia antiqua. v. 82.
Subjects:

MARC

Tag First Indicator Second Indicator Subfields
LEADER 00000cam a2200000 a 4500
001 in00001520621
005 20151021165509.0
008 000210s1999 ne a b 001 0 eng
010 |a  99020798  
020 |a 9004113584 (alk. paper) 
035 |a (OCoLC)40979858 
040 |a DLC  |c DLC  |d C#P  |d OHX  |d TXA  |d UtOrBLW 
041 1 |a eng  |a grc  |h grc 
049 |a TXAM 
050 0 0 |a B561.M52  |b E5 1999 
072 7 |a B  |2 lcco 
082 0 0 |a 188  |2 21 
100 0 |a Epictetus. 
245 1 4 |a The Encheiridion of Epictetus and its three Christian adaptations /  |c transmission and critical editions by Gerard Boter. 
264 1 |a Leiden ;  |a Boston :  |b Brill,  |c 1999. 
300 |a xviii, 446 pages :  |b illustrations ;  |c 24 cm. 
336 |a text  |b txt  |2 rdacontent 
337 |a unmediated  |b n  |2 rdamedia 
338 |a volume  |b nc  |2 rdacarrier 
490 1 |a Philosophia antiqua,  |x 0079-1687 ;  |v v. 82 
504 |a Includes bibliographical references (pages [441]-446) and indexes. 
650 0 |a Ethics  |v Early works to 1800. 
650 0 |a Conduct of life  |v Early works to 1800. 
700 0 2 |a Epictetus.  |t Manual.  |l English. 
700 0 2 |a Epictetus.  |t Manual.  |l Greek. 
700 1 |a Boter, Gerard. 
830 0 |a Philosophia antiqua.  |x 0079-1687 ;  |v v. 82. 
948 |a cataloged  |b h  |c 2000/5/8  |d c  |e jgreene  |f 4:54:50 pm 
994 |a E0  |b TXA 
999 |a MARS 
999 f f |s 10162d13-011e-34fa-ba69-89d37d43b4f5  |i 5ed86908-a5ce-3b8a-8a01-e0f4fdadd6c6  |t 0 
952 f f |p normal  |a Texas A&M University  |b College Station  |c Sterling C. Evans Library  |s Evans stk  |d Evans: Library Stacks  |t 0  |e B561.M52 E5 1999  |h Library of Congress classification  |i unmediated -- volume  |m A14826045415 
998 f f |a B561.M52 E5 1999  |t 0  |l Evans: Library Stacks